000 00481nam a2200181Ia 4500
003 LK-CoDNM
008 010623t2001 xxu||||| |||| 00| 1 sin d
040 _aLK-CoDNM
_dLK-CoDNM
_eLK-CoDNM
041 _asin
080 _a301 DAL
100 _aDalupota,Mahinda Kumara.
245 _aකෙතේ වගතුග
246 _aKetae Vagatuga
260 _bS.Godage
_aColombo
_c2001
300 _b48p,ill., 22 100: 955-20-5431-1 cm
650 _aPaddy Field
942 _cBK
999 _c121130
_d121130